[Event "ODEM U25 2010"]
[Site "Oberhof GER"]
[Date "2010.05.23"]
[Round "2"]
[White "Hundt, Fabian"]
[Black "Weber, Yannik"]
[Result "1-0"]
[Termination "normal"]
[Board "17"]
[WhiteElo "1948"]
[BlackElo "1285"]
[PlyCount "117"]
[WhiteFideId "4645294"]
[BlackFideId "24692700"]
[EventCountry "GER"]
[EventRounds "9"]
[EventType "swiss"]
[EventDate "2010.05.22"]

1. d4 d5 2. Nf3 Nc6 3. c4 e5 4. cxd5 Qxd5 5. Nc3 Qd6 6. d5 Nce7 7. e4 Bg4 8.
Be2 g6 9. Qc2 a6 10. h3 Bxf3 11. Bxf3 Bg7 12. Be3 Nf6 13. O-O O-O 14. Rfe1 Rfc8
15. Na4 b6 16. a3 a5 17. Red1 Rab8 18. Be2 c5 19. Nc3 Ne8 20. Nb5 Qd7 21. f4
Nd6 22. a4 Bh6 23. Rf1 c4 24. Nxd6 Qxd6 25. Qd2 Kg7 26. Bxc4 exf4 27. Bxf4 Bxf4
28. Qxf4 Qxf4 29. Rxf4 f5 30. b3 fxe4 31. Re1 Rd8 32. Rd1 e3 33. Re4 Nf5 34. g4
Nd6 35. Rxe3 Nxc4 36. bxc4 Rbc8 37. Rd4 Rd6 38. Re7+ Kg8 39. Rde4 Rf6 40. Re8+
Rxe8 41. Rxe8+ Kf7 42. Re4 h6 43. Kg2 g5 44. Re3 Kf8 45. Rf3 Rxf3 46. Kxf3 Ke7
47. Ke4 Kf6 48. Kd4 Ke7 49. Ke5 Kf7 50. Kd6 Ke8 51. Kc7 b5 52. cxb5 h5 53. d6
hxg4 54. d7+ Kf7 55. hxg4 Kg8 56. d8=Q+ Kh7 57. Qf6 Kg8 58. Qe7 Kh8 59. b6 1-0

[Event "ODEM U25 2010"]
[Site "Oberhof GER"]
[Date "2010.05.23"]
[Round "2"]
[White "Yin, Stanley"]
[Black "Bulygin, Anton"]
[Result "0-1"]
[Termination "normal"]
[Board "18"]
[WhiteElo "1976"]
[BlackElo "2051"]
[PlyCount "36"]
[WhiteFideId "24622729"]
[BlackFideId "24143022"]
[EventCountry "GER"]
[EventRounds "9"]
[EventType "swiss"]
[EventDate "2010.05.22"]

1. c4 c5 2. Nc3 Nc6 3. Nf3 e5 4. d3 g6 5. g3 Bg7 6. Bg2 Nge7 7. O-O O-O 8. a3
d6 9. Rb1 a5 10. Nb5 h6 11. Bd2 f5 12. b4 axb4 13. axb4 cxb4 14. Bxb4 Nxb4 15.
Rxb4 Nc6 16. Rb2 e4 17. Rb1 exf3 18. Bxf3 Kh8 0-1

[Event "ODEM U25 2010"]
[Site "Oberhof GER"]
[Date "2010.05.23"]
[Round "2"]
[White "Matschewsky, Justus"]
[Black "Siegl, Pascal"]
[Result "1-0"]
[Termination "normal"]
[Board "19"]
[WhiteElo "1727"]
[BlackElo "1595"]
[PlyCount "93"]
[WhiteFideId "24678708"]
[BlackFideId "24657069"]
[EventCountry "GER"]
[EventRounds "9"]
[EventType "swiss"]
[EventDate "2010.05.22"]

1. e4 e5 2. Nf3 Nc6 3. Bc4 d6 4. c3 Be6 5. Bb3 Nf6 6. d3 h6 7. Nbd2 Be7 8. Nf1
O-O 9. Ne3 Na5 10. Bxe6 fxe6 11. O-O Nc6 12. Nh4 Kh7 13. Nf3 Qd7 14. Qc2 Nh5
15. d4 exd4 16. cxd4 Rf7 17. d5 Ne5 18. Nxe5 dxe5 19. Nc4 Bd6 20. Bd2 Kh8 21.
Bc3 exd5 22. exd5 Re8 23. Rae1 Qg4 24. Nxe5 Bxe5 25. Rxe5 Rxe5 26. Bxe5 Rf5 27.
Bxc7 Rxd5 28. Re1 Nf6 29. h3 Qb4 30. Qc1 Rc5 31. Bd6 Rxc1 32. Bxb4 Rxe1+ 33.
Bxe1 Kg8 34. Kf1 Nd5 35. Bc3 Kf7 36. Ke2 Nxc3+ 37. bxc3 b5 38. Kd3 Ke7 39. Kd4
Kd6 40. c4 b4 41. c5+ Kc6 42. Kc4 a5 43. f4 g6 44. g4 g5 45. f5 Kd7 46. f6 Ke6
47. c6 1-0

[Event "ODEM U25 2010"]
[Site "Oberhof GER"]
[Date "2010.05.23"]
[Round "2"]
[White "Siebarth, Marco"]
[Black "Wachinger, David"]
[Result "1-0"]
[Termination "normal"]
[Board "20"]
[WhiteElo "2049"]
[BlackElo "1500"]
[PlyCount "53"]
[WhiteFideId "24604330"]
[BlackFideId "24692689"]
[EventCountry "GER"]
[EventRounds "9"]
[EventType "swiss"]
[EventDate "2010.05.22"]

1. f4 Nf6 2. Nf3 g6 3. Nc3 Bg7 4. e4 d6 5. Bc4 c5 6. d3 Nc6 7. h3 O-O 8. O-O
Qc7 9. g4 e6 10. Qe1 a6 11. a4 b6 12. Bd2 Bb7 13. f5 exf5 14. exf5 Rae8 15. Qh4
gxf5 16. g5 Nd7 17. g6 hxg6 18. Ng5 Nf6 19. Nd5 Nh5 20. Nxc7 Bd4+ 21. Kh1 Nb4+
22. Nf3 Re2 23. Bxb4 cxb4 24. Qxd4 Ng3+ 25. Kg1 Rxc2 26. Rae1 g5 27. Rf2 1-0

[Event "ODEM U25 2010"]
[Site "Oberhof GER"]
[Date "2010.05.23"]
[Round "2"]
[White "Jorczik, Andreas Carlos"]
[Black "Zuferi, Enis"]
[Result "0-1"]
[Termination "normal"]
[Board "21"]
[WhiteElo "1779"]
[BlackElo "1853"]
[PlyCount "50"]
[WhiteFideId "24634921"]
[BlackFideId "24692530"]
[EventCountry "GER"]
[EventRounds "9"]
[EventType "swiss"]
[EventDate "2010.05.22"]

1. d4 Nf6 2. c4 c5 3. d5 b5 4. b3 d6 5. Qc2 g6 6. f3 Na6 7. a3 Bg7 8. Bb2 Nc7
9. e4 O-O 10. cxb5 Rb8 11. Nc3 a6 12. bxa6 Bxa6 13. Bxa6 Nxa6 14. Rb1 Qb6 15.
Bc1 Qa5 16. Bd2 Qxa3 17. Qa2 Nb4 18. Qxa3 Nc2+ 19. Kf2 Nxa3 20. Ra1 Rxb3 21.
Nge2 Nc4 22. Rhd1 Nxd2 23. Rxd2 Nxe4+ 24. fxe4 Bxc3 25. Nxc3 Rxc3 0-1

[Event "ODEM U25 2010"]
[Site "Oberhof GER"]
[Date "2010.05.23"]
[Round "2"]
[White "Wang, Julia"]
[Black "Velina, Valeria"]
[Result "1/2-1/2"]
[Termination "normal"]
[Board "22"]
[WhiteElo "1722"]
[BlackElo "1776"]
[PlyCount "95"]
[WhiteFideId "24692565"]
[BlackFideId "24677345"]
[EventCountry "GER"]
[EventRounds "9"]
[EventType "swiss"]
[EventDate "2010.05.22"]

1. e4 d5 2. exd5 Qxd5 3. Nc3 Qd6 4. Nf3 Nf6 5. Bc4 c6 6. d4 Bg4 7. O-O Nbd7 8.
Bg5 e6 9. Qd3 Be7 10. a3 O-O 11. Ne2 Bf5 12. Qb3 Nb6 13. Bf4 Qd8 14. Ng3 Nxc4
15. Nxf5 Na5 16. Nxe7+ Qxe7 17. Qc3 Nd5 18. Bg5 Qxg5 19. Qxa5 Qg6 20. Qd2 Qf6
21. Ne5 Qf4 22. Qd1 Rfd8 23. c3 Qf6 24. Qh5 g6 25. Qe2 Rac8 26. Ng4 Qe7 27. Qe5
Qf8 28. c4 Nb6 29. Nf6+ Kh8 30. Rac1 Qg7 31. Rfd1 Nd7 32. Nxd7 Rxd7 33. Qxg7+
Kxg7 34. Rd3 Rcd8 35. Rcd1 c5 36. d5 exd5 37. Rxd5 Rxd5 38. cxd5 Kf6 39. f4 Kf5
40. g3 b5 41. Kf2 a5 42. Ke3 b4 43. axb4 axb4 44. g4+ Kf6 45. Ke4 Ke7 46. Ke5
f6+ 47. Ke4 Kd6 48. Kf3 1/2-1/2

[Event "ODEM U25 2010"]
[Site "Oberhof GER"]
[Date "2010.05.23"]
[Round "2"]
[White "Holle, Eric"]
[Black "Schirra, Felix"]
[Result "1/2-1/2"]
[Termination "normal"]
[Board "23"]
[WhiteElo "1694"]
[BlackElo "1599"]
[PlyCount "74"]
[WhiteFideId "4624610"]
[BlackFideId "24692662"]
[EventCountry "GER"]
[EventRounds "9"]
[EventType "swiss"]
[EventDate "2010.05.22"]

1. e4 e6 2. d4 d5 3. e5 c5 4. c3 Nc6 5. Nf3 Qb6 6. Be2 cxd4 7. cxd4 Bb4+ 8. Bd2
Nge7 9. Nc3 a6 10. Na4 Qa5 11. Bc3 O-O 12. O-O Bxc3 13. Nxc3 Bd7 14. g4 f6 15.
Qd2 Ng6 16. Bd3 Nce7 17. h4 fxe5 18. Nxe5 Nxe5 19. dxe5 d4 20. Qg5 Nc6 21. Ne2
Qxe5 22. Qxe5 Nxe5 23. Be4 Bc6 24. Bxc6 Nxc6 25. Rad1 Rad8 26. Rd2 e5 27. Rfd1
Nb4 28. a3 Nd5 29. Nxd4 exd4 30. Rxd4 Rc8 31. Rxd5 Rc2 32. R1d2 Rxd2 33. Rxd2
Rf4 34. Rd8+ Kf7 35. Rd7+ Kf8 36. Rxb7 Rxg4+ 37. Kf1 Rxh4 1/2-1/2

[Event "ODEM U25 2010"]
[Site "Oberhof GER"]
[Date "2010.05.23"]
[Round "2"]
[White "Bischoff, Nico"]
[Black "Dohmann, Dorothea"]
[Result "1/2-1/2"]
[Termination "normal"]
[Board "24"]
[WhiteElo "1518"]
[BlackElo "1844"]
[PlyCount "31"]
[WhiteFideId "24661007"]
[BlackFideId "12915459"]
[EventCountry "GER"]
[EventRounds "9"]
[EventType "swiss"]
[EventDate "2010.05.22"]

1. e4 e5 2. Nf3 Nc6 3. Bc4 Nf6 4. Ng5 Bc5 5. d3 d5 6. exd5 Nxd5 7. Qf3 Be6 8.
Nxe6 fxe6 9. O-O g6 10. Bb5 Ndb4 11. Bxc6+ Nxc6 12. Be3 Rf8 13. Qe4 Bxe3 14.
Qxe3 Qf6 15. Nd2 O-O-O 16. Ne4 1/2-1/2

[Event "ODEM U25 2010"]
[Site "Oberhof GER"]
[Date "2010.05.23"]
[Round "2"]
[White "Celmer, Ole"]
[Black "Klosa, Kevin"]
[Result "0-1"]
[Termination "normal"]
[Board "25"]
[WhiteElo "1671"]
[BlackElo "1493"]
[PlyCount "88"]
[WhiteFideId "24657107"]
[BlackFideId "12900206"]
[EventCountry "GER"]
[EventRounds "9"]
[EventType "swiss"]
[EventDate "2010.05.22"]

1. e4 e5 2. Nf3 Nc6 3. Bc4 Bc5 4. c3 Nf6 5. d3 d6 6. O-O Be6 7. Bb3 Ne7 8. Bg5
Ng6 9. Nbd2 h6 10. Be3 Bb6 11. h3 Qd7 12. Bxe6 fxe6 13. d4 exd4 14. cxd4 O-O
15. Qc2 Qf7 16. Rfe1 Rac8 17. b4 Nd7 18. Nc4 d5 19. Ncd2 c6 20. e5 Qf5 21. Qc3
Nf4 22. Bxf4 Qxf4 23. a4 Kh8 24. Rf1 g5 25. Nb3 g4 26. hxg4 Qxg4 27. Qe3 Qf4
28. Qxf4 Rxf4 29. a5 Bd8 30. Rfc1 Be7 31. Nc5 Nxc5 32. bxc5 Bg5 33. Rcb1 Rc7
34. Nxg5 hxg5 35. Rb4 Rh4 36. Rab1 Rhh7 37. f3 Kg8 38. Kf2 a6 39. Kg3 Kf8 40.
f4 gxf4+ 41. Kxf4 Rcf7+ 42. Kg3 Rhg7+ 43. Kh2 Rf2 44. R1b2 Rgxg2+ 0-1

[Event "ODEM U25 2010"]
[Site "Oberhof GER"]
[Date "2010.05.23"]
[Round "2"]
[White "Rosenberger, Andreas"]
[Black "Hartzendorf, Jonathan"]
[Result "0-1"]
[Termination "normal"]
[Board "26"]
[WhiteElo "1441"]
[BlackElo "1671"]
[PlyCount "74"]
[WhiteFideId "12900192"]
[BlackFideId "24660990"]
[EventCountry "GER"]
[EventRounds "9"]
[EventType "swiss"]
[EventDate "2010.05.22"]

1. e4 e6 2. d4 d5 3. Nd2 c5 4. c3 Nc6 5. Ngf3 Nf6 6. e5 Nd7 7. Bd3 b6 8. O-O
cxd4 9. cxd4 Nb4 10. Be2 Ba6 11. Bxa6 Nxa6 12. a3 Be7 13. Nb3 O-O 14. Qe2 Nc7
15. Ne1 f6 16. exf6 Bxf6 17. Nd3 Re8 18. Bf4 Bg5 19. Be5 Nb5 20. Qg4 Nxe5 21.
Nxe5 Nd6 22. f4 Bf6 23. Rfe1 Nc4 24. Nd3 Qd7 25. Re2 Re7 26. Rae1 Rae8 27. Kh1
Qb5 28. Nbc1 Bxd4 29. Rxe6 Ne3 30. R6xe3 Rxe3 31. Rxe3 Rxe3 32. Ne2 Bxb2 33.
Ne5 Qe8 34. Kg1 Bxe5 35. fxe5 Rxe5 36. Nd4 Re1+ 37. Kf2 Qe3# 0-1

[Event "ODEM U25 2010"]
[Site "Oberhof GER"]
[Date "2010.05.23"]
[Round "2"]
[White "Luther, Alexander"]
[Black "Mehling, Franziska"]
[Result "0-1"]
[Termination "normal"]
[Board "27"]
[WhiteElo "1944"]
[BlackElo "1477"]
[PlyCount "102"]
[WhiteFideId "24682616"]
[BlackFideId "12900133"]
[EventCountry "GER"]
[EventRounds "9"]
[EventType "swiss"]
[EventDate "2010.05.22"]

1. e4 c5 2. Nf3 d6 3. d4 cxd4 4. Nxd4 Nf6 5. Nc3 a6 6. Be2 e6 7. O-O Qc7 8. Be3
b5 9. Bf3 Bb7 10. a3 Be7 11. Qd2 Nbd7 12. Kh1 Nc5 13. Bg5 Nfxe4 14. Nxe4 Nxe4
15. Bxe4 Bxe4 16. Bxe7 Qxe7 17. Rfe1 d5 18. f3 Bg6 19. f4 Be4 20. Ne2 O-O 21.
Ng3 Qb7 22. Nxe4 dxe4 23. Qb4 f5 24. Rad1 Rfd8 25. Rd6 Rxd6 26. Qxd6 Qd5 27.
Rd1 Qxd6 28. Rxd6 Kf7 29. Rd7+ Kf6 30. Kg1 Rc8 31. c3 Rc5 32. Kf2 Rd5 33. Rxd5
exd5 34. Ke3 h6 35. b3 g5 36. h3 gxf4+ 37. Kxf4 Ke6 38. g4 fxg4 39. hxg4 Kf6
40. a4 bxa4 41. bxa4 a5 42. c4 dxc4 43. Kxe4 c3 44. Kd3 Kg5 45. Kxc3 Kxg4 46.
Kc4 h5 47. Kb5 h4 48. Kxa5 h3 49. Kb6 h2 50. a5 h1=Q 51. a6 Qa8 0-1

[Event "ODEM U25 2010"]
[Site "Oberhof GER"]
[Date "2010.05.23"]
[Round "2"]
[White "Geldner, Gerrit"]
[Black "Hartewig, Philipp"]
[Result "1/2-1/2"]
[Termination "normal"]
[Board "28"]
[WhiteElo "1594"]
[BlackElo "1650"]
[PlyCount "75"]
[WhiteFideId "24678929"]
[BlackFideId "1270639"]
[EventCountry "GER"]
[EventRounds "9"]
[EventType "swiss"]
[EventDate "2010.05.22"]

1. f4 d5 2. e3 Nf6 3. b3 b6 4. Bb2 Bb7 5. Nf3 e6 6. Be2 c5 7. O-O Nbd7 8. Na3
a6 9. c4 Qc7 10. Rc1 Rc8 11. d4 dxc4 12. Nxc4 b5 13. Nce5 Nd5 14. Qd2 f6 15.
Ng4 Qb6 16. Bd3 h5 17. Nf2 Bd6 18. Ne4 f5 19. Nxd6+ Qxd6 20. Ne5 cxd4 21. Rxc8+
Bxc8 22. Bxd4 Rg8 23. Rc1 Bb7 24. Be2 N5f6 25. Qc3 Nd5 26. Qd2 Nxe5 27. Bxe5
Qb6 28. Bd4 Qd8 29. Bxh5+ g6 30. Bf3 g5 31. Bh5+ Kf8 32. Bc5+ Kg7 33. Qd4+ Kh6
34. Bf3 gxf4 35. exf4 Qh4 36. Qe5 Qxf4 37. Qxf4+ Nxf4 38. Kf1 1/2-1/2

[Event "ODEM U25 2010"]
[Site "Oberhof GER"]
[Date "2010.05.23"]
[Round "2"]
[White "Eggert, André"]
[Black "Orhan, Eda"]
[Result "0-1"]
[Termination "normal"]
[Board "29"]
[WhiteElo "1300"]
[BlackElo "1778"]
[PlyCount "98"]
[WhiteFideId "1270464"]
[BlackFideId "24659258"]
[EventCountry "GER"]
[EventRounds "9"]
[EventType "swiss"]
[EventDate "2010.05.22"]

1. c4 Nf6 2. Nc3 d5 3. e3 e6 4. d4 c6 5. c5 b6 6. b4 Nbd7 7. Nf3 Qc7 8. g3 e5
9. Be2 Be7 10. O-O O-O 11. Ne1 e4 12. Ng2 Re8 13. f4 a5 14. Ba3 axb4 15. Bxb4
bxc5 16. dxc5 Bxc5 17. Bxc5 Nxc5 18. Rb1 Ba6 19. Bxa6 Rxa6 20. Qc2 Rea8 21. Rb4
Nd3 22. Rb3 Qa7 23. Rfb1 Nc5 24. Rb4 Qc7 25. Qb2 Nfd7 26. Nh4 g6 27. Ng2 Qd6
28. Ne1 Na4 29. Nxa4 Rxa4 30. Rxa4 Rxa4 31. Qb3 Ra3 32. Qb2 Rxe3 33. Ng2 Rd3
34. Ne1 Qc5+ 35. Kg2 Ra3 36. Rc1 Rxa2 37. Rxc5 Rxb2+ 38. Rc2 Rxc2+ 39. Nxc2 c5
40. Kf2 d4 41. Ke1 f5 42. Na3 Kf7 43. Nc4 Ke6 44. Kd2 Kd5 45. Nb2 c4 46. Nd1
Nc5 47. h4 e3+ 48. Ke2 Ne4 49. Kf3 c3 0-1

[Event "ODEM U25 2010"]
[Site "Oberhof GER"]
[Date "2010.05.23"]
[Round "2"]
[White "Bauch, Florian"]
[Black "Arsen, Abrahamyan"]
[Result "1/2-1/2"]
[Termination "normal"]
[Board "30"]
[WhiteElo "1251"]
[BlackElo "1664"]
[PlyCount "116"]
[EventCountry "GER"]
[EventRounds "9"]
[EventType "swiss"]
[EventDate "2010.05.22"]

1. d4 Nf6 2. Nf3 d6 3. c4 g6 4. Nc3 Nbd7 5. e4 Bg7 6. Be3 e5 7. d5 O-O 8. Qb3
Nc5 9. Bxc5 dxc5 10. Bd3 Qe7 11. O-O Nh5 12. Qc2 Bg4 13. Be2 Nf4 14. h3 Bxf3
15. Bxf3 Qg5 16. Kh2 Qh4 17. Ne2 f5 18. Nxf4 Qxf4+ 19. Kg1 Qg5 20. Rad1 f4 21.
d6 cxd6 22. Rxd6 Qe7 23. Rfd1 Rfd8 24. Qd3 Rxd6 25. Qxd6 Re8 26. Qxe7 Rxe7 27.
Kf1 Kf7 28. Bg4 h5 29. Bc8 Rc7 30. Rd7+ Rxd7 31. Bxd7 Ke7 32. Ba4 g5 33. Bd1 h4
34. f3 Kd6 35. Ke2 a6 36. Kd3 b5 37. a3 Bf6 38. b3 Bd8 39. a4 Kc6 40. Kc3 Ba5+
41. Kd3 Bb4 42. Bc2 Kb6 43. Bd1 Ka5 44. Bc2 bxa4 45. bxa4 Be1 46. Ke2 Bc3 47.
Kd3 Kb4 48. Bd1 Bd4 49. Bc2 a5 50. Bd1 Ka3 51. Bc2 Kb2 52. Bd1 Kc1 53. Bb3 Be3
54. Bc2 Bd2 55. Bb3 Kb2 56. Bc2 Bc3 57. Bd1 Bd4 58. Bc2 Ka3 1/2-1/2

[Event "ODEM U25 2010"]
[Site "Oberhof GER"]
[Date "2010.05.23"]
[Round "2"]
[White "Grötzbach, Daniel"]
[Black "Bingert, Tim Niklas"]
[Result "1/2-1/2"]
[Termination "normal"]
[Board "31"]
[WhiteElo "1798"]
[BlackElo "1411"]
[PlyCount "71"]
[WhiteFideId "24692166"]
[BlackFideId "12917907"]
[EventCountry "GER"]
[EventRounds "9"]
[EventType "swiss"]
[EventDate "2010.05.22"]

1. e4 c5 2. Nf3 Nc6 3. d4 cxd4 4. Nxd4 g6 5. c4 Bg7 6. Be3 Nf6 7. Nc3 O-O 8. f3
d6 9. Be2 Bd7 10. O-O Nxd4 11. Bxd4 Bc6 12. Qd2 Nd7 13. Bxg7 Kxg7 14. Qd4+ Kg8
15. Nd5 Bxd5 16. cxd5 Qb6 17. Qxb6 Nxb6 18. Rac1 Rac8 19. b3 Rxc1 20. Rxc1 Rc8
21. Rxc8+ Nxc8 22. Kf2 Kg7 23. Ke3 Kf6 24. a4 a5 25. Kd4 Nb6 26. f4 Nd7 27. Bd1
Nb6 28. Bc2 Kg7 29. Kc3 Kf6 30. b4 axb4+ 31. Kxb4 Nd7 32. Kc4 e5 33. dxe6 fxe6
34. g4 g5 35. f5 exf5 36. gxf5 1/2-1/2

[Event "ODEM U25 2010"]
[Site "Oberhof GER"]
[Date "2010.05.23"]
[Round "2"]
[White "Hefner, Felix"]
[Black "Leddin, Mathias"]
[Result "1/2-1/2"]
[Termination "normal"]
[Board "32"]
[WhiteElo "1597"]
[BlackElo "1672"]
[PlyCount "32"]
[WhiteFideId "12910651"]
[BlackFideId "4654684"]
[EventCountry "GER"]
[EventRounds "9"]
[EventType "swiss"]
[EventDate "2010.05.22"]

1. c4 e5 2. Nc3 Nf6 3. Nf3 Nc6 4. e3 d5 5. d4 exd4 6. exd4 Bb4 7. Qb3 Qe7+ 8.
Be2 Na5 9. Qc2 Nxc4 10. O-O Bxc3 11. Qxc3 Ne4 12. Qc2 Ncd6 13. Bd3 O-O 14. Re1
Bg4 15. Nd2 Rae8 16. f3 Qh4 1/2-1/2

[Event "ODEM U25 2010"]
[Site "Oberhof GER"]
[Date "2010.05.23"]
[Round "2"]
[White "Kirn, Philipp Sebastian"]
[Black "Kast, Joannis"]
[Result "0-1"]
[Termination "normal"]
[Board "34"]
[WhiteElo "1099"]
[BlackElo "1733"]
[PlyCount "46"]
[BlackFideId "24698776"]
[EventCountry "GER"]
[EventRounds "9"]
[EventType "swiss"]
[EventDate "2010.05.22"]

1. d4 d5 2. c4 e6 3. Nc3 Nf6 4. Bg5 c5 5. e3 Nc6 6. Nf3 cxd4 7. Nxd4 Nxd4 8.
Qxd4 Be7 9. Qd2 O-O 10. cxd5 exd5 11. Bxf6 Bxf6 12. Nxd5 Bxb2 13. Rb1 Bf6 14.
Bd3 b6 15. O-O Be6 16. e4 Kh8 17. Nxf6 Qxf6 18. Rfe1 Rfd8 19. Re3 Rd7 20. Qe2
Rad8 21. e5 Qe7 22. Rd1 Bc4 23. h3 Qa3 0-1

[Event "ODEM U25 2010"]
[Site "Oberhof GER"]
[Date "2010.05.23"]
[Round "2"]
[White "Veit, Björn"]
[Black "Heinz, Maria"]
[Result "1/2-1/2"]
[Termination "normal"]
[Board "35"]
[WhiteElo "1742"]
[BlackElo "1203"]
[PlyCount "50"]
[WhiteFideId "24600717"]
[EventCountry "GER"]
[EventRounds "9"]
[EventType "swiss"]
[EventDate "2010.05.22"]

1. Nc3 d5 2. e4 dxe4 3. Nxe4 Nc6 4. Nf3 h6 5. Bb5 e6 6. Ne5 Qd5 7. Bxc6+ bxc6
8. Qf3 Qxe5 9. O-O Qd5 10. d3 Be7 11. c4 Qd7 12. Bf4 Nf6 13. Rad1 O-O 14. d4
Bb7 15. g4 Nxe4 16. Qxe4 Rab8 17. Rfe1 Rfe8 18. Qe3 g5 19. Be5 f6 20. Bg3 Bd6
21. f4 Rbc8 22. h4 gxf4 23. Bxf4 Bf8 24. Bxh6 e5 25. Bxf8 Qxg4+ 1/2-1/2

[Event "ODEM U25 2010"]
[Site "Oberhof GER"]
[Date "2010.05.25"]
[Round "4"]
[White "Magnussen, Helge"]
[Black "Figura, Atila Gajo"]
[Result "0-1"]
[Termination "normal"]
[Board "1"]
[BlackTitle "FM"]
[WhiteElo "2063"]
[BlackElo "2418"]
[PlyCount "80"]
[WhiteFideId "24632651"]
[BlackFideId "4688058"]
[EventCountry "GER"]
[EventRounds "9"]
[EventType "swiss"]
[EventDate "2010.05.22"]

1. d4 e6 2. c4 Bb4+ 3. Nc3 f5 4. Nf3 Nf6 5. Bg5 h6 6. Bd2 O-O 7. e3 b6 8. Bd3
Bb7 9. Qc2 Bxc3 10. Bxc3 Ne4 11. Bb4 c5 12. Ba3 a5 13. Nd2 Qh4 14. Nxe4 fxe4
15. Bf1 Na6 16. g3 Qf6 17. Bg2 Nb4 18. Bxb4 axb4 19. O-O cxd4 20. exd4 d5 21.
cxd5 exd5 22. Qd2 Ba6 23. Rfe1 Ra7 24. Re3 Rc7 25. Bf1 Bc8 26. Rae1 Rcf7 27. f3
exf3 28. Kf2 Rc7 29. Bd3 Bf5 30. Qxb4 Bxd3 31. Rxd3 Rc2+ 32. Rd2 Qf5 33. Red1
Rxd2+ 34. Rxd2 Qh3 35. Kg1 Rc8 36. Kf2 Qg2+ 37. Ke3 Re8+ 38. Kf4 Re4+ 39. Kf5
Qh3+ 40. Kg6 Qg4# 0-1

[Event "ODEM U25 2010"]
[Site "Oberhof GER"]
[Date "2010.05.25"]
[Round "4"]
[White "Müller, Reinhold"]
[Black "Zentgraf, Robert"]
[Result "1-0"]
[Termination "normal"]
[Board "2"]
[WhiteElo "2279"]
[BlackElo "2107"]
[PlyCount "159"]
[WhiteFideId "24605875"]
[BlackFideId "4676483"]
[EventCountry "GER"]
[EventRounds "9"]
[EventType "swiss"]
[EventDate "2010.05.22"]

1. d4 Nf6 2. c4 e6 3. Nf3 b6 4. g3 Ba6 5. Nbd2 Bb7 6. Bg2 c5 7. O-O cxd4 8.
Nxd4 Bxg2 9. Kxg2 Qc7 10. b3 a6 11. N2f3 Be7 12. Bb2 O-O 13. Re1 d6 14. e4 Nbd7
15. Qe2 Qb7 16. Kg1 Rfe8 17. Rad1 Rad8 18. Ba3 Bf8 19. Qc2 Rc8 20. Qe2 Rcd8 21.
Bb2 Qc7 22. Rc1 Nc5 23. e5 dxe5 24. Nxe5 Nce4 25. Ng4 Bc5 26. Rcd1 Nxg4 27.
Qxg4 f5 28. Qf3 g6 29. Kg2 Bb4 30. Re3 e5 31. Nxf5 Ng5 32. Rxd8 Qxd8 33. Nh6+
Kg7 34. Qg4 Kxh6 35. Bxe5 Qa8+ 36. f3 Rxe5 37. Rxe5 Nf7 38. Re6 Qd8 39. f4 Be7
40. f5 Qa8+ 41. Qe4 Qxe4+ 42. Rxe4 Bc5 43. fxg6 hxg6 44. h4 Nd6 45. Re6 Nf5 46.
Kh3 Nd4 47. Re8 Kg7 48. g4 a5 49. g5 Kf7 50. Rc8 Ne6 51. Kg4 Be3 52. Rb8 Ng7
53. Rb7+ Kf8 54. a3 Bd4 55. Rb8+ Kf7 56. Kf4 Ke6 57. Ke4 Bg1 58. Rf8 Nh5 59.
Re8+ Kf7 60. Rc8 Ng3+ 61. Ke5 Nf5 62. Rc7+ Ne7 63. Rb7 Bh2+ 64. Ke4 Bg1 65. b4
axb4 66. axb4 Ke6 67. Rb8 Nc6 68. Rf8 Ne7 69. Rf1 Bh2 70. Rf6+ Kd7 71. Rxb6 Bg3
72. b5 Bxh4 73. Rb7+ Kd8 74. Kf4 Nc8 75. c5 Bf2 76. c6 Bb6 77. Ke5 Bc7+ 78. Ke6
Nd6 79. Ra7 Nxb5 80. Ra8+ 1-0

[Event "ODEM U25 2010"]
[Site "Oberhof GER"]
[Date "2010.05.25"]
[Round "4"]
[White "Seidler, Lukas"]
[Black "Adelhütte, Dennis"]
[Result "1-0"]
[Termination "normal"]
[Board "4"]
[WhiteElo "2089"]
[BlackElo "1923"]
[PlyCount "67"]
[WhiteFideId "12900095"]
[BlackFideId "4661265"]
[EventCountry "GER"]
[EventRounds "9"]
[EventType "swiss"]
[EventDate "2010.05.22"]

1. e4 e6 2. d4 d5 3. Nc3 Nf6 4. Bg5 Bb4 5. e5 h6 6. Be3 Nfd7 7. Qg4 Kf8 8. Nf3
c5 9. Bd3 Nc6 10. O-O a6 11. a3 cxd4 12. Bxd4 Nxd4 13. Qxd4 Bc5 14. Qf4 Kg8 15.
h4 Be7 16. h5 Nc5 17. Rad1 Bd7 18. Nd4 Nxd3 19. Rxd3 Bg5 20. Qg3 Kh7 21. f4 Be7
22. Kh2 Bc5 23. Nf3 Rc8 24. f5 Rg8 25. Rfd1 Qe7 26. Qf4 Bb6 27. g4 Rc4 28. Qg3
g5 29. hxg6+ fxg6 30. f6 Qf8 31. Ng5+ Kh8 32. Qh3 h5 33. gxh5 Qh6 34. Nf7+ 1-0

[Event "ODEM U25 2010"]
[Site "Oberhof GER"]
[Date "2010.05.25"]
[Round "4"]
[White "Carow, Annelen"]
[Black "Wurm, Alexander"]
[Result "0-1"]
[Termination "normal"]
[Board "5"]
[WhiteElo "1773"]
[BlackElo "2063"]
[PlyCount "72"]
[WhiteFideId "24692492"]
[BlackFideId "24637246"]
[EventCountry "GER"]
[EventRounds "9"]
[EventType "swiss"]
[EventDate "2010.05.22"]

1. d4 Nf6 2. c4 g6 3. Nc3 Bg7 4. e4 d6 5. f3 O-O 6. Be3 e5 7. Nge2 Nc6 8. d5
Ne7 9. Qd2 Nd7 10. g4 f5 11. g5 a5 12. h4 b6 13. Bh3 Nc5 14. exf5 Nxf5 15.
O-O-O Nxh4 16. Be6+ Bxe6 17. Rxh4 Bf5 18. Bxc5 bxc5 19. Rdh1 h5 20. gxh6 Bf6
21. h7+ Kh8 22. R4h2 Qe7 23. Rg1 Rf7 24. Ne4 Bxe4 25. fxe4 Rxh7 26. Rxh7+ Kxh7
27. Qc3 Kg7 28. Rh1 Qd7 29. Qg3 Rg8 30. Qe3 Qg4 31. Rg1 Qh4 32. Ng3 Bg5 33.
Nf5+ Kf6 34. Rxg5 Qxg5 35. Qxg5+ Kxg5 36. Ne7 Rf8 0-1

[Event "ODEM U25 2010"]
[Site "Oberhof GER"]
[Date "2010.05.25"]
[Round "4"]
[White "Gölz, Daniel"]
[Black "Weber, Max"]
[Result "0-1"]
[Termination "normal"]
[Board "6"]
[WhiteElo "2095"]
[BlackElo "1888"]
[PlyCount "86"]
[WhiteFideId "24626325"]
[BlackFideId "4624831"]
[EventCountry "GER"]
[EventRounds "9"]
[EventType "swiss"]
[EventDate "2010.05.22"]

1. e4 e6 2. Qe2 c5 3. f4 Nc6 4. Nf3 Be7 5. d3 d5 6. g3 Nf6 7. Bg2 O-O 8. Nc3 d4
9. Nd1 b5 10. O-O Bb7 11. h3 Qb6 12. g4 c4 13. f5 cxd3 14. cxd3 exf5 15. gxf5
Nh5 16. Re1 Qc7 17. Qf2 Nb4 18. Re2 Nxd3 19. Rc2 Qb6 20. Qxd4 Bc5 21. Rxc5 Qxc5
22. Be3 Qxd4 23. Nxd4 a6 24. Nf2 Nxb2 25. Bf3 Nf6 26. e5 Bxf3 27. exf6 Bb7 28.
fxg7 Kxg7 29. Ng4 h5 30. f6+ Kh7 31. Ne5 Nc4 32. Nxc4 bxc4 33. Nf5 Rg8+ 34. Kf1
Rad8 35. h4 Be4 36. Ng7 Bg6 37. Rc1 c3 38. Ke2 Bd3+ 39. Kd1 Bg6+ 40. Ke2 c2 41.
Rg1 Rb8 42. Bc1 Rb6 43. Rf1 Rd8 0-1